[Event "Liberec Open 2022 - A FIDE Open"]
[Site "Clarion Grandhotel Zlaty Lev, Liberec"]
[Date "2022.02.09"]
[Round "6"]
[Board "2"]
[White "Dobrowolski, Piotr"]
[Black "Frick, Christoph"]
[Result "1-0"]
[WhiteElo "2397"]
[BlackElo "2151"]
[PlyCount "121"]
[EventDate "2022.02.05"]
[EventRounds "9"]
[EventCountry "CZE"]

1. e4 c6 2. c4 d5 3. cxd5 cxd5 4. exd5 Nf6 5. Nc3 Nxd5 6. Nf3 Nc6 7. Bb5 g6 8.
Qa4 Nb6 9. Qh4 Bg7 10. O-O O-O 11. Bxc6 bxc6 12. d4 f6 13. Re1 Nd5 14. Nxd5
cxd5 15. b3 Bf5 16. Ba3 Re8 17. Qg3 Rc8 18. Bc5 a6 19. b4 Qd7 20. Re2 Bg4 21.
Rae1 Bf8 22. h3 Bf5 23. Nh4 Be4 24. Qb3 e6 25. f3 Bxc5 26. dxc5 Bc2 27. Qxc2 g5
28. Nf5 exf5 29. Rxe8+ Rxe8 30. Rxe8+ Qxe8 31. Qxf5 Qe1+ 32. Kh2 Qxb4 33. Qxd5+
Kg7 34. c6 h5 35. Qd7+ Kg6 36. Qd3+ Kh6 37. Qc2 Qd6+ 38. Kh1 Qc7 39. Qc5 Kg6
40. a4 a5 41. Qc2+ Kh6 42. Kg1 h4 43. Kf1 Kg7 44. Qe4 Qd6 45. Ke2 Qc5 46. Kd2
Kh6 47. Qc2 Qd4+ 48. Ke2 Qe5+ 49. Kf1 Qa1+ 50. Ke2 Qe5+ 51. Qe4 Qb2+ 52. Kd3
Qb3+ 53. Kd4 Qxa4+ 54. Kc5 Qa3+ 55. Kb5 Qc3 56. Qc4 Qe5+ 57. Qc5 Qc7 58. Qb6
Qe5+ 59. Ka6 a4 60. c7 Qc3 61. Kb7  1-0

[Event "Liberec Open 2022 - A FIDE Open"]
[Site "Clarion Grandhotel Zlaty Lev, Liberec"]
[Date "2022.02.09"]
[Round "6"]
[Board "3"]
[White "Lajbl, Jan"]
[Black "Vecera, Dominik"]
[Result "1/2-1/2"]
[WhiteElo "2218"]
[BlackElo "2098"]
[PlyCount "79"]
[EventDate "2022.02.05"]
[EventRounds "9"]
[EventCountry "CZE"]

1. e4 c5 2. Nf3 g6 3. c3 Bg7 4. d4 cxd4 5. cxd4 d5 6. e5 Bg4 7. Bb5+ Nd7 8.
Nbd2 Nh6 9. O-O a6 10. Be2 e6 11. h3 Bxf3 12. Nxf3 O-O 13. Bg5 f6 14. exf6 Nxf6
15. Ne5 Nf7 16. Nxf7 Rxf7 17. Re1 Qb6 18. Bf3 Ne4 19. Bxe4 dxe4 20. Rxe4 Qxb2
21. Be3 Rd8 22. Qb1 Qc3 23. Qe1 Qd3 24. Qb1 Qc3 25. Qe1 Qd3 26. Rxe6 Qf5 27.
Rb6 Bxd4 28. Bxd4 Rxd4 29. Rab1 Re4 30. Qd2 Ree7 31. Qd8+ Kg7 32. Qd4+ Kg8 33.
Rc1 Qc5 34. Qh4 Kg7 35. Rcb1 Qc3 36. f3 Rd7 37. Qg3 Qd4+ 38. Kh2 Rc7 39. a3 Qd5
40. R1b2  1/2-1/2

[Event "Liberec Open 2022 - A FIDE Open"]
[Site "Clarion Grandhotel Zlaty Lev, Liberec"]
[Date "2022.02.09"]
[Round "6"]
[Board "4"]
[White "Pourquet, Matthieu"]
[Black "Zauner, Christoph"]
[Result "0-1"]
[WhiteElo "2197"]
[BlackElo "2001"]
[PlyCount "106"]
[EventDate "2022.02.05"]
[EventRounds "9"]
[EventCountry "CZE"]

1. e4 e6 2. d4 d5 3. Nc3 Bb4 4. e5 Ne7 5. a3 Bxc3+ 6. bxc3 c5 7. h4 Qc7 8. h5
h6 9. Rb1 Bd7 10. Qg4 Nbc6 11. Qxg7 O-O-O 12. Qf6 cxd4 13. Nf3 dxc3 14. Bxh6
Nf5 15. Bf4 Ncd4 16. Nxd4 Nxd4 17. Bd3 Ba4 18. Kd1 Nxc2 19. Bxc2 Bxc2+ 20. Kxc2
d4 21. Rh3 Qc4 22. Rb4 d3+ 23. Kb1 c2+ 24. Kc1 Qc3 25. Rxd3 Qxd3 26. Kb2 Qe2
27. Bc1 Rxh5 28. f4 Rd7 29. Qg7 b6 30. Rb3 Rh1 31. Rc3+ Kb7 32. Qf8 Qb5+ 33.
Kxc2 Rc7 34. Rxc7+ Kxc7 35. Qxf7+ Kb8 36. Qxe6 Qc5+ 37. Kd3 Rxc1 38. Qe8+ Kc7
39. Qf7+ Kd8 40. Qg8+ Kd7 41. Qf7+ Qe7 42. Qd5+ Kc7 43. Kd2 Rc5 44. Qe4 Qe6 45.
Ke3 Qb3+ 46. Kf2 Rc4 47. Qh7+ Kc6 48. Qg6+ Kc5 49. Qd6+ Kb5 50. Qd7+ Ka6 51.
Qf5 Rc2+ 52. Kg1 Qb1+ 53. Kh2 Rxg2+  0-1

[Event "Liberec Open 2022 - A FIDE Open"]
[Site "Clarion Grandhotel Zlaty Lev, Liberec"]
[Date "2022.02.09"]
[Round "6"]
[Board "5"]
[White "Kersten, Julian"]
[Black "Adrian, Claude"]
[Result "0-1"]
[WhiteElo "1935"]
[BlackElo "2186"]
[PlyCount "102"]
[EventDate "2022.02.05"]
[EventRounds "9"]
[EventCountry "CZE"]

1. e4 c5 2. Nf3 g6 3. d4 cxd4 4. Nxd4 Bg7 5. Nc3 Nc6 6. Nb3 Bxc3+ 7. bxc3 Nf6
8. Bd3 d5 9. exd5 Qxd5 10. O-O Bf5 11. c4 Qd7 12. Nc5 Qc8 13. Bb2 O-O 14. Re1
Rd8 15. Qd2 Qc7 16. h3 Nd4 17. Nb3 Nxc2 18. Qxc2 Rxd3 19. Qe2 Rd7 20. Nd4 Qc5
21. g4 Be4 22. Nb3 Qc6 23. Nd4 Qc5 24. Nb3 Qc6 25. Nd4 Qb6 26. g5 Nh5 27. c5
Qxc5 28. Qxe4 Qxg5+ 29. Qg4 Qxg4+ 30. hxg4 Nf4 31. Nf3 Rad8 32. Re3 f6 33. Ba3
Kf7 34. Rae1 Nd5 35. Re6 Rc8 36. Bb2 Nf4 37. R6e3 Rc2 38. Ba3 e5 39. g5 Nh3+
40. Kg2 Nxf2 41. R1e2 Rxe2 42. Rxe2 Nd3 43. Kg3 fxg5 44. Nxg5+ Kf6 45. Ne4+ Kf5
46. Kf3 Nf4 47. Ng3+ Ke6 48. Re3 Rd2 49. Ne4 Rxa2 50. Ng5+ Kf5 51. Nxh7 e4+  0-1

[Event "Liberec Open 2022 - A FIDE Open"]
[Site "Clarion Grandhotel Zlaty Lev, Liberec"]
[Date "2022.02.09"]
[Round "6"]
[Board "6"]
[White "Adrian, Leopold"]
[Black "Kocharin, Timur"]
[Result "1-0"]
[WhiteElo "2144"]
[BlackElo "1662"]
[PlyCount "75"]
[EventDate "2022.02.05"]
[EventRounds "9"]
[EventCountry "CZE"]

1. Nf3 Nf6 2. c4 e6 3. g3 b6 4. Bg2 Bb7 5. O-O c5 6. Nc3 Be7 7. Re1 O-O 8. e4
d6 9. d4 cxd4 10. Nxd4 Qc8 11. b3 a6 12. Bb2 Nc6 13. Rc1 Qb8 14. Nxc6 Bxc6 15.
e5 Bxg2 16. exf6 Qb7 17. fxe7 Rfe8 18. Nd5 Bh3 19. Nf4 Bf5 20. Qxd6 Rxe7 21.
Rcd1 Bg4 22. Rd2 f6 23. Nd5 Rf7 24. Nxb6 Bh3 25. f3 Rb8 26. c5 Re8 27. g4 f5
28. g5 Qxf3 29. Qg3 Qh5 30. Nd5 Bg4 31. h4 Rb7 32. c6 Rbb8 33. Ne7+ Kf7 34. Qe5
Rg8 35. Nxg8 Qg6 36. Rd7+ Kxg8 37. Qxb8+ Qe8 38. Qxe8#  1-0

[Event "Liberec Open 2022 - A FIDE Open"]
[Site "Clarion Grandhotel Zlaty Lev, Liberec"]
[Date "2022.02.09"]
[Round "6"]
[Board "7"]
[White "Nowak, Filip"]
[Black "Cakl, Zdenek"]
[Result "1/2-1/2"]
[WhiteElo "1644"]
[BlackElo "2118"]
[PlyCount "74"]
[EventDate "2022.02.05"]
[EventRounds "9"]
[EventCountry "CZE"]

1. e4 b6 2. d4 e6 3. Nc3 Bb7 4. Bd3 Bb4 5. Nge2 Nf6 6. O-O O-O 7. a3 Be7 8. e5
Nd5 9. Nxd5 Bxd5 10. c4 Bb7 11. Qc2 h6 12. b4 c5 13. Be4 Bxe4 14. Qxe4 Nc6 15.
bxc5 bxc5 16. d5 exd5 17. Qxd5 Nxe5 18. Bf4 d6 19. Rab1 Ng6 20. Bg3 Rb8 21. Nc3
Rxb1 22. Rxb1 Qa5 23. Nb5 a6 24. Nxd6 Qxa3 25. h3 Bg5 26. Ne4 Rd8 27. Qxc5 Qxc5
28. Nxc5 Rc8 29. Nxa6 Rxc4 30. Nb4 Nf4 31. Bxf4 Bxf4 32. Nd3 Bd6 33. g3 h5 34.
h4 Rc3 35. Rd1 Bc7 36. Kg2 g6 37. Ne1 Bb6  1/2-1/2

[Event "Liberec Open 2022 - A FIDE Open"]
[Site "Clarion Grandhotel Zlaty Lev, Liberec"]
[Date "2022.02.09"]
[Round "6"]
[Board "8"]
[White "Paldus, Petr"]
[Black "Nemec, Pavel"]
[Result "0-1"]
[WhiteElo "1979"]
[BlackElo "2223"]
[PlyCount "86"]
[EventDate "2022.02.05"]
[EventRounds "9"]
[EventCountry "CZE"]

1. e4 c5 2. Nf3 d6 3. c3 Nf6 4. Bd3 Nc6 5. O-O Bg4 6. Re1 e6 7. h3 Bh5 8. Bc2
Be7 9. d4 cxd4 10. cxd4 O-O 11. Nc3 Bxf3 12. gxf3 e5 13. dxe5 dxe5 14. Be3 Nd4
15. Bxd4 exd4 16. Ne2 Bb4 17. Rf1 Bc5 18. Ng3 Qc7 19. Kg2 Qe5 20. Rh1 Rad8 21.
Bd3 Bd6 22. Qd2 Rfe8 23. Rac1 Nh5 24. Nxh5 Qxh5 25. f4 Qh6 26. Qe2 Bxf4 27. Rc5
Re5 28. Rxe5 Bxe5 29. Qf3 Rd6 30. Qf5 Rg6+ 31. Kf1 Qc1+ 32. Ke2 Qxb2+ 33. Kf1
Qa1+ 34. Ke2 Qxa2+ 35. Kf1 Re6 36. Rg1 Qd2 37. Be2 g6 38. Qf3 Rf6 39. Qb3 Rb6
40. Qc4 Rb1+ 41. Kg2 Qg5+ 42. Bg4 Rxg1+ 43. Kxg1 h5  0-1

[Event "Liberec Open 2022 - A FIDE Open"]
[Site "Clarion Grandhotel Zlaty Lev, Liberec"]
[Date "2022.02.09"]
[Round "6"]
[Board "9"]
[White "Soural, Jan"]
[Black "Machacek, Jan"]
[Result "1/2-1/2"]
[WhiteElo "2176"]
[BlackElo "1976"]
[PlyCount "66"]
[EventDate "2022.02.05"]
[EventRounds "9"]
[EventCountry "CZE"]

1. Nf3 Nf6 2. g3 d5 3. Bg2 e6 4. O-O Be7 5. d4 O-O 6. c4 dxc4 7. Ne5 Nc6 8.
Bxc6 bxc6 9. Nxc6 Qe8 10. Nxe7+ Qxe7 11. Na3 Rd8 12. Qc2 Rxd4 13. Be3 Rd5 14.
f3 e5 15. Qxc4 e4 16. Bd4 Bb7 17. Bxf6 gxf6 18. Qxe4 Qxe4 19. fxe4 Rd2 20. Rxf6
Bxe4 21. Nc4 Rxe2 22. Rf2 Rxf2 23. Kxf2 Bd5 24. b3 Bxc4 25. bxc4 Rb8 26. Re1
Rb4 27. Re4 Ra4 28. Kf3 Rxa2 29. Re7 Rxh2 30. Rxc7 a5 31. c5 a4 32. Ra7 Rc2 33.
Rxa4 Rxc5  1/2-1/2

[Event "Liberec Open 2022 - A FIDE Open"]
[Site "Clarion Grandhotel Zlaty Lev, Liberec"]
[Date "2022.02.09"]
[Round "6"]
[Board "10"]
[White "Gschiel, Alexander"]
[Black "Dusbaba, Karel"]
[Result "1-0"]
[WhiteElo "2109"]
[BlackElo "1987"]
[PlyCount "87"]
[EventDate "2022.02.05"]
[EventRounds "9"]
[EventCountry "CZE"]

1. d4 e6 2. c4 d5 3. Nf3 c6 4. g3 f5 5. Bg2 Nf6 6. O-O Bd6 7. Bf4 O-O 8. e3 Qe7
9. Nc3 Ne4 10. Rc1 Nd7 11. Qb3 Kh8 12. Rfd1 h6 13. cxd5 exd5 14. Bxd6 Qxd6 15.
Ne1 Qe7 16. Nd3 Kh7 17. Re1 Nd6 18. Qa3 Re8 19. Bxd5 cxd5 20. Nxd5 Qf8 21. Nc7
Rb8 22. Nxe8 Nxe8 23. Qxa7 Qd6 24. Ne5 Qb6 25. Qxb6 Nxb6 26. Nd3 Be6 27. b3 Nf6
28. f3 Bd5 29. Kf2 h5 30. Nc5 g5 31. e4 fxe4 32. fxe4 Bc6 33. d5 Bb5 34. a4
Ng4+ 35. Kg2 Be8 36. a5 Nd7 37. Nxd7 Bxd7 38. e5 Bb5 39. h3 Nh6 40. Rc5 Bd3 41.
d6 Nf5 42. Rd5 Bc2 43. e6 Ng7 44. d7  1-0

[Event "Liberec Open 2022 - A FIDE Open"]
[Site "Clarion Grandhotel Zlaty Lev, Liberec"]
[Date "2022.02.10"]
[Round "7"]
[Board "1"]
[White "Zauner, Christoph"]
[Black "Dobrowolski, Piotr"]
[Result "0-1"]
[WhiteElo "2001"]
[BlackElo "2397"]
[PlyCount "38"]
[EventDate "2022.02.05"]
[EventRounds "9"]
[EventCountry "CZE"]

1. d4 Nf6 2. Nf3 e6 3. g3 c5 4. c4 cxd4 5. Nxd4 d5 6. Bg2 e5 7. Nf3 d4 8. O-O
Nc6 9. e3 Bc5 10. exd4 exd4 11. b4 Nxb4 12. Nxd4 Qxd4 13. Qe2+ Be6 14. Bb2 Qxc4
15. Qxc4 Bxc4 16. Rc1 Bxf2+ 17. Kxf2 Nd3+ 18. Ke3 Nxc1 19. Bxc1 Bd5  0-1

[Event "Liberec Open 2022 - A FIDE Open"]
[Site "Clarion Grandhotel Zlaty Lev, Liberec"]
[Date "2022.02.10"]
[Round "7"]
[Board "2"]
[White "Simek, Petr"]
[Black "Adrian, Leopold"]
[Result "0-1"]
[WhiteElo "2330"]
[BlackElo "2144"]
[PlyCount "76"]
[EventDate "2022.02.05"]
[EventRounds "9"]
[EventCountry "CZE"]

1. d4 Nf6 2. Nf3 g6 3. g3 d5 4. Bg2 Bg7 5. O-O O-O 6. c4 c6 7. b3 dxc4 8. bxc4
c5 9. Bb2 Qb6 10. Qc1 cxd4 11. Bxd4 Qa6 12. Ne5 Nfd7 13. Qb2 Bxe5 14. Bxe5 Nxe5
15. Qxe5 Be6 16. Qb5 Qxb5 17. cxb5 Nd7 18. a4 Nc5 19. a5 Rad8 20. Ra3 Rd4 21.
Rc3 b6 22. axb6 axb6 23. Ra3 Bc4 24. Nc3 Rd2 25. Re1 Rfd8 26. Ra7 Rc2 27. Ne4
Rxe2 28. Rc1 Nxe4 29. Bf3 Ra2 30. Rxa2 Bxa2 31. Bxe4 Rd4 32. Rc8+ Kg7 33. Bc6
Rd1+ 34. Kg2 Bd5+ 35. f3 Rd2+ 36. Kf1 Rc2 37. f4 Bc4+ 38. Kg1 Bxb5  0-1

[Event "Liberec Open 2022 - A FIDE Open"]
[Site "Clarion Grandhotel Zlaty Lev, Liberec"]
[Date "2022.02.10"]
[Round "7"]
[Board "3"]
[White "Adrian, Claude"]
[Black "Schulz, Michael"]
[Result "0-1"]
[WhiteElo "2186"]
[BlackElo "2247"]
[PlyCount "108"]
[EventDate "2022.02.05"]
[EventRounds "9"]
[EventCountry "CZE"]

1. Nf3 b5 2. e4 Bb7 3. Bxb5 Bxe4 4. d4 e6 5. O-O Nf6 6. c4 Be7 7. Nc3 Bb7 8.
Re1 O-O 9. Ba4 d6 10. d5 e5 11. c5 a5 12. c6 Bc8 13. a3 Na6 14. Bc2 Bg4 15. Rb1
Ne8 16. b4 axb4 17. axb4 f5 18. Rb3 e4 19. Ne2 exf3 20. Nf4 Bh4 21. gxf3 Bxf2+
22. Kxf2 Qh4+ 23. Kg2 Nf6 24. fxg4 Nxg4 25. Nh3 f4 26. Re4 g5 27. Bb2 Nxb4 28.
Rexb4 Rae8 29. Rf3 Ne3+ 30. Rxe3 Rxe3 31. Ng1 f3+ 32. Nxf3 Qxb4 33. Qd4 Re2+
34. Kg3 Qxd4 35. Nxd4 Rff2 36. Nxe2 Rxe2 37. Bxh7+ Kxh7 38. Bf6 Rd2 39. Bd8
Rxd5 40. Bxc7 Kg6 41. Kf3 Kf5 42. Ke3 Ke6 43. Bd8 g4 44. Kf4 Rd4+ 45. Kg3 Rc4
46. c7 Kf5 47. Be7 Rc3+ 48. Kg2 Ke5 49. Bd8 Kf4 50. Kf2 Rc2+ 51. Ke1 Ke3 52.
Kd1 Kd3 53. Ke1 d5 54. Kd1 Rxh2  0-1

[Event "Liberec Open 2022 - A FIDE Open"]
[Site "Clarion Grandhotel Zlaty Lev, Liberec"]
[Date "2022.02.10"]
[Round "7"]
[Board "4"]
[White "Nemec, Pavel"]
[Black "Harish, Neeraj"]
[Result "1-0"]
[WhiteElo "2223"]
[BlackElo "2091"]
[PlyCount "45"]
[EventDate "2022.02.05"]
[EventRounds "9"]
[EventCountry "CZE"]

1. d4 Nf6 2. Nf3 g6 3. c3 d5 4. Bf4 Bg7 5. Qc1 O-O 6. Bh6 c5 7. Bxg7 Kxg7 8.
dxc5 Qc7 9. b4 b6 10. cxb6 axb6 11. e3 e5 12. Qb2 Bg4 13. Be2 Nc6 14. O-O h5
15. Na3 Rxa3 16. Qxa3 e4 17. b5 Ne7 18. Nd4 Bxe2 19. Nxe2 Ng4 20. Nf4 g5 21.
Nxh5+ Kg6 22. Ng3 Nf5 23. Qxf8  1-0

[Event "Liberec Open 2022 - A FIDE Open"]
[Site "Clarion Grandhotel Zlaty Lev, Liberec"]
[Date "2022.02.10"]
[Round "7"]
[Board "5"]
[White "Lajbl, Jan"]
[Black "Nowak, Filip"]
[Result "1/2-1/2"]
[WhiteElo "2218"]
[BlackElo "1644"]
[PlyCount "106"]
[EventDate "2022.02.05"]
[EventRounds "9"]
[EventCountry "CZE"]

1. e4 e5 2. Nf3 Nc6 3. Bc4 Bc5 4. c3 Nf6 5. d4 exd4 6. b4 Bb6 7. e5 d5 8. exf6
dxc4 9. Qe2+ Be6 10. b5 Na5 11. fxg7 Rg8 12. cxd4 Bxd4 13. Nxd4 Qxd4 14. Bb2
Qc5 15. O-O O-O-O 16. Nc3 b6 17. Rad1 Nb7 18. Rxd8+ Nxd8 19. Qe4 f5 20. Qa8+
Kd7 21. Rd1+ Ke7 22. Bc1 Qe5 23. h4 Qxc3 24. Bg5+ Kf7 25. Bxd8 Qxg7 26. Qc6 Qe5
27. Bxc7 Qe4 28. Qxe4 fxe4 29. Be5 Rc8 30. Bc3 Rc5 31. a4 Rd5 32. Rxd5 Bxd5 33.
Kf1 e3 34. f3 Be6 35. Ke2 Bf5 36. Kxe3 Bc2 37. Kd4 Bxa4 38. Kxc4 Bd1 39. Kd5
Be2 40. Kc6 a6 41. bxa6 Bxa6 42. Kd5 h5 43. Ke4 Bc8 44. Kf4 Kg6 45. Bd2 b5 46.
g4 Bd7 47. Bb4 Bc8 48. Be7 Bd7 49. Bd8 b4 50. gxh5+ Kxh5 51. Bf6 Kg6 52. Bd4 b3
53. Bb2 Bc8  1/2-1/2

[Event "Liberec Open 2022 - A FIDE Open"]
[Site "Clarion Grandhotel Zlaty Lev, Liberec"]
[Date "2022.02.10"]
[Round "7"]
[Board "6"]
[White "Cakl, Zdenek"]
[Black "Tomic, Stjepan"]
[Result "1/2-1/2"]
[WhiteElo "2118"]
[BlackElo "2001"]
[PlyCount "114"]
[EventDate "2022.02.05"]
[EventRounds "9"]
[EventCountry "CZE"]

1. Nf3 d5 2. b3 Nf6 3. Bb2 Bf5 4. g3 e6 5. Bg2 Be7 6. c4 c6 7. d3 h6 8. O-O O-O
9. Nbd2 Bh7 10. a3 a5 11. Ra2 Nbd7 12. Qa1 Qb6 13. Ne5 Nxe5 14. Bxe5 Rfc8 15.
Bc3 Qa7 16. h3 Ne8 17. Qb2 b5 18. Raa1 Qb8 19. cxd5 cxd5 20. b4 axb4 21. axb4
Rxa1 22. Rxa1 Qc7 23. Ra3 Bg6 24. Nf3 Bf8 25. Kh2 Nd6 26. Bd4 Nf5 27. Be5 Qe7
28. Ra5 Qxb4 29. Qxb4 Bxb4 30. Rxb5 Bc5 31. g4 Ne7 32. Kg3 Kf8 33. Nd4 Bxd4 34.
Bxd4 f6 35. Rb7 Be8 36. Bb2 Bc6 37. Ra7 Ra8 38. Rxa8+ Bxa8 39. f4 Kf7 40. h4
Bc6 41. Ba3 g6 42. Bc5 Nc8 43. e3 Bb5 44. e4 dxe4 45. dxe4 Bc4 46. Kf2 Bb5 47.
Ke3 Ne7 48. Bf3 Nc6 49. Bd1 g5 50. hxg5 hxg5 51. fxg5 fxg5 52. Bd6 Kf6 53. Bc7
e5 54. Bb6 Ke6 55. Bc5 Kf6 56. Bb3 Kg7 57. Bd5 Kf6  1/2-1/2

[Event "Liberec Open 2022 - A FIDE Open"]
[Site "Clarion Grandhotel Zlaty Lev, Liberec"]
[Date "2022.02.10"]
[Round "7"]
[Board "7"]
[White "Vecera, Dominik"]
[Black "Gschiel, Alexander"]
[Result "0-1"]
[WhiteElo "2098"]
[BlackElo "2109"]
[PlyCount "46"]
[EventDate "2022.02.05"]
[EventRounds "9"]
[EventCountry "CZE"]

1. e4 c6 2. d4 d5 3. Nd2 dxe4 4. Nxe4 Nf6 5. Nxf6+ exf6 6. c3 Bd6 7. Bd3 O-O 8.
Qc2 Re8+ 9. Ne2 h5 10. O-O h4 11. h3 Nd7 12. Be3 Nf8 13. Rad1 Bc7 14. c4 Qd6
15. Nf4 Be6 16. Qe2 g6 17. c5 Qe7 18. Nxe6 Nxe6 19. Qg4 Kg7 20. Bc4 f5 21. Qf3
f4 22. Bxe6 fxe3 23. d5 cxd5  0-1

[Event "Liberec Open 2022 - A FIDE Open"]
[Site "Clarion Grandhotel Zlaty Lev, Liberec"]
[Date "2022.02.10"]
[Round "7"]
[Board "8"]
[White "Pourquet, Matthieu"]
[Black "Kersten, Julian"]
[Result "1/2-1/2"]
[WhiteElo "2197"]
[BlackElo "1935"]
[PlyCount "149"]
[EventDate "2022.02.05"]
[EventRounds "9"]
[EventCountry "CZE"]

1. Nf3 Nf6 2. c4 g6 3. g3 Bg7 4. Bg2 O-O 5. d4 c5 6. Nc3 cxd4 7. Nxd4 Qc7 8.
Nd5 Nxd5 9. cxd5 Qb6 10. Be3 Qxb2 11. O-O d6 12. a4 Qc3 13. a5 Na6 14. Ra2 Bd7
15. Qa1 Qxa1 16. Rfxa1 Rfc8 17. Rb1 Rc4 18. Nf3 Rac8 19. h3 Nb4 20. Rd2 Bf5 21.
Rf1 Bc3 22. Rdd1 Bc2 23. Rc1 Bb2 24. Rce1 Nxd5 25. Bxa7 Ra8 26. Ne5 Ra4 27.
Bxd5 Rxa7 28. Nxf7 R7xa5 29. Be6 Kg7 30. Nd8 Rb4 31. Bd7 Kf6 32. g4 Ba4 33.
Bxa4 Raxa4 34. f4 Rxf4 35. Nxb7 Be5 36. Nd8 Rxf1+ 37. Rxf1+ Kg5 38. Nf7+ Kh4
39. Nxe5 dxe5 40. Rf3 Rf4 41. Rc3 Ra4 42. Kg2 e4 43. Rb3 Ra1 44. Re3 Ra4 45.
Rb3 h5 46. gxh5 gxh5 47. Rg3 Ra5 48. Re3 Re5 49. Kh2 Kg5 50. Rg3+ Kf4 51. e3+
Kf5 52. h4 Kf6 53. Rg8 Rf5 54. Kg2 Rd5 55. Rf8+ Kg7 56. Rf4 Rd2+ 57. Kg3 Rd1
58. Rf5 Rd3 59. Kf4 Kg6 60. Rg5+ Kh6 61. Re5 Rd7 62. Rxe4 Kg6 63. Re6+ Kf7 64.
Re5 Kg6 65. e4 Rb7 66. Rg5+ Kh6 67. Re5 Kg6 68. Re6+ Kf7 69. Re5 Kg6 70. Rg5+
Kh6 71. Kf5 Rb5+ 72. e5 Rb4 73. Ke6 Rxh4 74. Rg8 Re4 75. Kf5  1/2-1/2

[Event "Liberec Open 2022 - A FIDE Open"]
[Site "Clarion Grandhotel Zlaty Lev, Liberec"]
[Date "2022.02.10"]
[Round "7"]
[Board "9"]
[White "Czarniecka, Aleksandra"]
[Black "Soural, Jan"]
[Result "0-1"]
[WhiteElo "1931"]
[BlackElo "2176"]
[PlyCount "180"]
[EventDate "2022.02.05"]
[EventRounds "9"]
[EventCountry "CZE"]

1. e4 d5 2. exd5 Qxd5 3. Nc3 Qd8 4. d4 Nf6 5. Nf3 Bg4 6. Be2 e6 7. h3 Bxf3 8.
Bxf3 c6 9. O-O Bd6 10. Re1 O-O 11. Bg5 Nbd7 12. Ne4 Be7 13. Nxf6+ Bxf6 14. Bxf6
Qxf6 15. c3 Nb6 16. Qb3 Rab8 17. a4 Nd5 18. a5 Nf4 19. Be4 g6 20. Qc4 a6 21.
Re3 Rbd8 22. b4 Rfe8 23. Rf3 Qg5 24. Rg3 Qe7 25. Re1 Rd7 26. Rf3 Qg5 27. Rg3
Qd8 28. Bc2 Rde7 29. Rge3 Qd5 30. Qf1 Qa2 31. Be4 Nd5 32. Rg3 Qd2 33. Rd3 Qh6
34. g3 Qg7 35. Qg2 h5 36. h4 Rd7 37. Red1 Red8 38. Kh2 Rd6 39. Kg1 Qf8 40. Kh2
Qe7 41. Kg1 Qc7 42. Kh2 Qe7 43. Kg1 Nc7 44. Qf1 Kg7 45. Kh2 Nb5 46. Qe2 Qf6 47.
Rf3 Qe7 48. Rfd3 Nc7 49. Qf1 Qd7 50. Kg1 f5 51. Bg2 e5 52. Qe1 Re8 53. Re3 e4
54. Re2 Rde6 55. c4 Rd6 56. Qc3 Kh7 57. Red2 Qg7 58. Qe3 Red8 59. Kh2 R8d7 60.
Kg1 Qg8 61. Bf1 Qd8 62. f3 exf3 63. c5 Re6 64. Qxf3 Re4 65. Qf2 Ne6 66. d5 Rxd5
67. Rxd5 cxd5 68. Bg2 Re5 69. Qb2 Qf6 70. Qf2 Nc7 71. Kh2 Qe7 72. Qf4 Re2 73.
Rd2 Rxd2 74. Qxd2 Qe5 75. Qg5 Ne6 76. Qe7+ Kh6 77. Qxb7 f4 78. gxf4 Nxf4 79.
Qc8 Ne2+ 80. Kh1 Qa1+ 81. Kh2 Qg1+ 82. Kh3 Qe3+ 83. Kh2 Qf4+ 84. Kh1 Qxh4+ 85.
Bh3 Qe4+ 86. Bg2 Qh4+ 87. Bh3 Qe1+ 88. Kg2 Qg1+ 89. Kf3 Nd4+ 90. Kf4 Qg5#  0-1

[Event "Liberec Open 2022 - A FIDE Open"]
[Site "Clarion Grandhotel Zlaty Lev, Liberec"]
[Date "2022.02.10"]
[Round "7"]
[Board "10"]
[White "Frick, Christoph"]
[Black "Peglau, Dora"]
[Result "0-1"]
[WhiteElo "2151"]
[BlackElo "1913"]
[PlyCount "54"]
[EventDate "2022.02.05"]
[EventRounds "9"]
[EventCountry "CZE"]

1. d4 Nf6 2. Nc3 d5 3. Bf4 Bf5 4. f3 e6 5. g4 Bg6 6. h4 h5 7. g5 Nfd7 8. e3 Bd6
9. Bh2 Bxh2 10. Rxh2 c5 11. dxc5 Qc7 12. f4 Nxc5 13. Nf3 Nc6 14. Bb5 Ne4 15.
Nxe4 Bxe4 16. Bd3 O-O-O 17. Qe2 Bxd3 18. Qxd3 d4 19. a3 Qb6 20. exd4 Nxd4 21.
Nxd4 Rxd4 22. Qc3+ Kb8 23. Rf2 Rc8 24. Qb3 Qc6 25. Qh3 Qe4+ 26. Re2 Qxf4 27. g6
fxg6  0-1

[Event "Liberec Open 2022 - A FIDE Open"]
[Site "Clarion Grandhotel Zlaty Lev, Liberec"]
[Date "2022.02.11"]
[Round "8"]
[Board "1"]
[White "Dobrowolski, Piotr"]
[Black "Adrian, Leopold"]
[Result "1-0"]
[WhiteElo "2397"]
[BlackElo "2144"]
[PlyCount "67"]
[EventDate "2022.02.05"]
[EventRounds "9"]
[EventCountry "CZE"]

1. e4 e6 2. d4 d5 3. e5 c5 4. c3 Nc6 5. Nf3 Nge7 6. Na3 Nf5 7. Nc2 cxd4 8. cxd4
Qb6 9. Bd3 Bb4+ 10. Kf1 Be7 11. g4 Nh4 12. Nxh4 Bxh4 13. Kg2 Be7 14. f4 O-O 15.
b3 f6 16. Be3 Bd7 17. h4 Rac8 18. exf6 Rxf6 19. g5 Rf5 20. Bxf5 exf5 21. Re1
Bb4 22. Bd2 Bd6 23. Qf3 Ne7 24. Rac1 Qb5 25. a4 Qb6 26. h5 a6 27. Re3 Kh8 28.
Rc3 Rxc3 29. Qxc3 h6 30. Re1 Nc6 31. gxh6 gxh6 32. Qg3 Nxd4 33. Nxd4 Qxd4 34.
Bc3  1-0

[Event "Liberec Open 2022 - A FIDE Open"]
[Site "Clarion Grandhotel Zlaty Lev, Liberec"]
[Date "2022.02.11"]
[Round "8"]
[Board "2"]
[White "Gschiel, Alexander"]
[Black "Simek, Petr"]
[Result "1-0"]
[WhiteElo "2109"]
[BlackElo "2330"]
[PlyCount "73"]
[EventDate "2022.02.05"]
[EventRounds "9"]
[EventCountry "CZE"]

1. d4 Nf6 2. c4 c5 3. d5 g6 4. Nc3 Bg7 5. Nf3 O-O 6. e4 d6 7. Be2 e6 8. O-O Re8
9. Nd2 a6 10. a4 Nbd7 11. Qc2 Rb8 12. f3 Nh5 13. Nb3 exd5 14. cxd5 Ne5 15. Be3
f5 16. f4 Ng4 17. Bxg4 fxg4 18. a5 b5 19. axb6 Qxb6 20. Ra3 Qb4 21. Nd2 Bd4 22.
Bxd4 Qxd4+ 23. Kh1 g3 24. Ra4 Rb4 25. Rxb4 cxb4 26. Ne2 Qe3 27. Nxg3 Nxg3+ 28.
hxg3 Qxg3 29. Nc4 Qh4+ 30. Kg1 Qe7 31. e5 dxe5 32. fxe5 Qc5+ 33. Qf2 Qxd5 34.
Nd6 Rd8 35. Qf6 Qc5+ 36. Kh1 Qc7 37. Nf7  1-0

[Event "Liberec Open 2022 - A FIDE Open"]
[Site "Clarion Grandhotel Zlaty Lev, Liberec"]
[Date "2022.02.11"]
[Round "8"]
[Board "4"]
[White "Zauner, Christoph"]
[Black "Lajbl, Jan"]
[Result "0-1"]
[WhiteElo "2001"]
[BlackElo "2218"]
[PlyCount "86"]
[EventDate "2022.02.05"]
[EventRounds "9"]
[EventCountry "CZE"]

1. e4 c5 2. Ne2 Nf6 3. Nbc3 d5 4. exd5 Nxd5 5. Nxd5 Qxd5 6. Nc3 Qd8 7. Bb5+ Bd7
8. Qe2 Nc6 9. O-O a6 10. Bxc6 Bxc6 11. d3 e6 12. Be3 Be7 13. Qg4 O-O 14. Rae1
b5 15. Bh6 Qd4 16. Bf4 g5 17. Ne2 Qg7 18. Bd2 f5 19. Qh5 Qg6 20. Ng3 Qxh5 21.
Nxh5 Kf7 22. f4 g4 23. Bc3 b4 24. Be5 Bd5 25. b3 a5 26. Rc1 a4 27. Rfe1 axb3
28. axb3 Ra2 29. Ng3 Bf6 30. Ne2 Rfa8 31. Kf2 Bxe5 32. fxe5 Rb2 33. d4 c4 34.
bxc4 Bxc4 35. d5 Bxd5 36. Nf4 b3 37. Ke3 Rxc2 38. Rb1 Ra3 39. Nxd5 exd5 40. Kf4
Ke6 41. Rec1 Ra4+ 42. Kg3 Rxc1 43. Rxc1 Rb4  0-1

[Event "Liberec Open 2022 - A FIDE Open"]
[Site "Clarion Grandhotel Zlaty Lev, Liberec"]
[Date "2022.02.11"]
[Round "8"]
[Board "5"]
[White "Sliwerski, Radoslaw"]
[Black "Adrian, Claude"]
[Result "1-0"]
[WhiteElo "1976"]
[BlackElo "2186"]
[PlyCount "63"]
[EventDate "2022.02.05"]
[EventRounds "9"]
[EventCountry "CZE"]

1. d4 Nf6 2. c4 c5 3. d5 b5 4. Qc2 Na6 5. a3 Nc7 6. e4 bxc4 7. Bxc4 g6 8. Nc3
d6 9. h3 Bg7 10. Nf3 O-O 11. O-O e5 12. b4 Nd7 13. bxc5 Nxc5 14. Be3 Ba6 15.
Nd2 Qd7 16. Rab1 Rab8 17. Rxb8 Rxb8 18. Rb1 Rb6 19. Bxa6 N7xa6 20. Nc4 Rxb1+
21. Qxb1 Bf8 22. f3 h5 23. Qb5 Qc7 24. Qc6 Qd8 25. Nb5 Qh4 26. Qe8 Qe1+ 27. Kh2
Kg7 28. Bxc5 Nxc5 29. Nbxd6 Bxd6 30. Nxd6 Nd3 31. Qxf7+ Kh6 32. Qf6  1-0